000 00456ntaaa2200169 4500
003 01
005 20251027201246.0
008 0714s1973 ag 01
040 _aAR-BaBN
_bspa
_cAR-BaBN
_eaacr
_dRIC
082 _a220.93 D91
100 _aDuncan, J. Garrow
_910779
245 _aDigging up biblical history, Vol. I. /
_cJ. Garrow Duncan
250 _a1 ed. :
_bThe Macmillan Co.,
_cc1931
300 _a275 p.
650 _aArqueología Bíblica
942 _cBK
999 _c6956
_d6956